| 000 -LEADER |
| fixed length control field |
00637nam a22001697a 4500 |
| 020 ## - INTERNATIONAL STANDARD BOOK NUMBER |
| ISBN |
9786214482719 |
| 082 ## - DEWEY DECIMAL CLASSIFICATION NUMBER |
| Classification number |
499.21109 |
| Item number |
Al445 2023 |
| 100 ## - MAIN ENTRY--AUTHOR NAME |
| Personal name |
Almario, Virgilio S., author. |
| 245 ## - TITLE STATEMENT |
| Title |
Ang wikang Pambansa at Amerikanisasyon : isang kasaysayan ng pakikihamok ng Filipino para maging wikang pambansa / Virgilio S. Almario. |
| 260 ## - PUBLICATION, DISTRIBUTION, ETC. (IMPRINT) |
| Place of publication |
Quezon City : |
| Name of publisher |
Ateneo de Manila University Press, |
| Year of publication |
©2023. |
| 300 ## - PHYSICAL DESCRIPTION |
| Number of Pages |
x, 527 pages ; |
| Other physical details |
23 cm. |
| 500 ## - GENERAL NOTE |
| General note |
Includes index. |
| 650 ## - SUBJECT ADDED ENTRY--TOPICAL TERM |
| Topical Term |
Filipino language -- History. |
| 650 ## - SUBJECT ADDED ENTRY--TOPICAL TERM |
| Topical Term |
Filipino language -- American influence. |
| 650 ## - SUBJECT ADDED ENTRY--TOPICAL TERM |
| Topical Term |
Language policy -- Philippines. |
| 942 ## - ADDED ENTRY ELEMENTS (KOHA) |
| Koha item type |
Books |